[Event "Canadian open"]
[Site "Toronto, Ontario"]
[Date "2011.07.09"]
[EventDate "?"]
[Round "1"]
[Result "1-0"]
[White "Alexandra Botez"]
[Black "Vladimir Pechenkin"]
[WhiteElo "2005"]
[BlackElo "2408"]
[PlyCount "77"]

1. d4 f5 2. c4 Nf6 3. g3 e6 4. Bg2 Be7 5. Nc3 O-O 6. Nf3 d6
7. O-O a5 8. Qc2 Nc6 9. a3 e5 10. d5 Nb8 11. Ng5 Ng4 12. Nh3
Na6 13. Rb1 Qe8 14. b4 axb4 15. axb4 Qh5 16. f3 Nh6 17. Nf2
Bd7 18. Nd3 g5 19. Be3 e4 20. Nf2 f4 21. g4 Qe8 22. Bd4 e3
23. Nd3 c5 24. bxc5 dxc5 25. Be5 Nb4 26. Nxb4 cxb4 27. Ne4 Qg6
28. d6 Bd8 29. Rxb4 Nf7 30. Nf6 Bxf6 31. Qxg6 hxg6 32. Bxf6
Bc6 33. Rd1 Ra2 34. Bf1 Rd2 35. Rbb1 Nxd6 36. Be7 Nxc4
37. Rdc1 Rf7 38. Bxg5 Ne5 39. Rc5 1-0

[Event "Canadian open"]
[Site "Toronto, Ontario"]
[Date "2011.07.11"]
[EventDate "?"]
[Round "3"]
[Result "1-0"]
[White "Alexandra Botez"]
[Black "Lawrence Day"]
[WhiteElo "1950"]
[BlackElo "2251"]
[PlyCount "73"]

1. d4 Nf6 2. c4 d6 3. Nc3 Nbd7 4. e4 e5 5. Nf3 Be7 6. Be2 O-O
7. O-O c6 8. h3 Re8 9. Be3 exd4 10. Bxd4 Bf8 11. Nd2 a6 12. a3
g6 13. Qc2 b6 14. f4 Bg7 15. Bf2 Bb7 16. Rad1 b5 17. b4 Qc7
18. Bf3 Rac8 19. Qb3 d5 20. c5 Qxf4 21. exd5 cxd5 22. Nxd5
Nxd5 23. Bxd5 Bxd5 24. Qxd5 Nb8 25. Nf3 Nc6 26. Qd6 Ne5
27. Nd4 Ra8 28. Kh1 Red8 29. Ne2 Rxd6 30. Nxf4 Rxd1 31. Rxd1
Nc4 32. Nd5 Be5 33. Nb6 Nxb6 34. cxb6 Kf8 35. Rd7 Ke8 36. Ra7
Rd8 37. g3 1-0

[Event "Canadian open"]
[Site "Toronto, Ontario"]
[Date "2011.07.12"]
[EventDate "?"]
[Round "4"]
[Result "1/2-1/2"]
[White "Michael Kleinman"]
[Black "Alexandra Botez"]
[WhiteElo "2221"]
[BlackElo "1950"]
[PlyCount "72"]

1. e4 e6 2. d4 d5 3. Nd2 c5 4. exd5 exd5 5. Ngf3 Nf6 6. Bb5+
Bd7 7. Bxd7+ Nbxd7 8. O-O Be7 9. dxc5 Nxc5 10. Nb3 Nce4
11. Nfd4 O-O 12. Nf5 Re8 13. Nxe7+ Qxe7 14. Be3 b6 15. c3 Rac8
16. Bd4 Nd7 17. Qc2 Qh4 18. f3 Nd6 19. Rad1 Re6 20. Bf2 Qh5
21. Nd4 Ree8 22. Rfe1 Nf6 23. Bg3 Nc4 24. Nf5 Nxb2 25. Rb1 Nc4
26. Ne7+ Rxe7 27. Rxe7 Na3 28. Qb3 Nxb1 29. Qxb1 Qg6 30. Qb3
Qd3 31. Be5 Qe3+ 32. Kf1 Qd3+ 33. Kf2 Qd2+ 34. Kf1 Qd3+
35. Kf2 Qd2+ 36. Kf1 Qd3+ 1/2-1/2

[Event "Canadian open"]
[Site "Toronto, Ontario"]
[Date "2011.07.13"]
[EventDate "?"]
[Round "5"]
[Result "0-1"]
[White "Alexandra Botez"]
[Black "Michael Humphreys"]
[WhiteElo "2005"]
[BlackElo "2277"]
[PlyCount "62"]

1. d4 Nf6 2. c4 e6 3. Nc3 Bb4 4. Qc2 O-O 5. e4 Bxc3 6. bxc3 d6
7. Nf3 c5 8. Bd3 h6 9. O-O Nc6 10. a4 e5 11. Bb2 Nh5 12. Rfd1
Qf6 13. Nd2 Nf4 14. Nb3 Nxg2 15. Bf1 Nh4 16. Rd3 Nf3 17. Kh1
Bg4 18. Bg2 Qf4 19. Rxf3 Bxf3 20. Rg1 f5 21. Bc1 Qxe4 22. Qxe4
fxe4 23. dxc5 Rf6 24. Nd2 Rg6 25. cxd6 Bxg2 26. Rxg2 Rxd6
27. Rg1 Rad8 28. Nxe4 Rd1 29. Nf6 Kf7 30. Nd5 Rxg1 31. Kxg1
Na5 0-1

[Event "Canadian open"]
[Site "Toronto, Ontario"]
[Date "2011.07.16"]
[EventDate "?"]
[Round "8"]
[Result "0-1"]
[White "Alexandra Botez"]
[Black "Michal Meszaros"]
[WhiteElo "1950"]
[BlackElo "2418"]
[PlyCount "116"]

1. d4 Nf6 2. c4 g6 3. f3 d5 4. cxd5 Nxd5 5. e4 Nb6 6. Nc3 Bg7
7. Be3 O-O 8. f4 f5 9. e5 e6 10. Nf3 Nc6 11. Bb5 Ne7 12. O-O
a6 13. Be2 Bd7 14. Ne1 Nbd5 15. Bc1 b6 16. Qd2 Bc6 17. b3 Qd7
18. Nxd5 Nxd5 19. Ba3 Rfd8 20. Nc2 a5 21. Bc4 Bh6 22. Rad1 a4
23. b4 Kh8 24. Bc1 Bb7 25. a3 Qc6 26. Bxd5 Qxd5 27. Rf3 Rd7
28. Qf2 Bf8 29. Rc3 Rad8 30. Be3 Be7 31. Ne1 Rg8 32. Nf3 Bd8
33. Rdc1 h6 34. Qg3 Rdg7 35. Qh3 Rh7 36. Qg3 Rhg7 37. Qh3 Rh7
38. Qg3 Qd7 39. Kh1 Qg7 40. Qf2 g5 41. Ne1 Qd7 42. Kg1 Qd5
43. R1c2 Rhg7 44. fxg5 hxg5 45. Bc1 Rh7 46. Nf3 Rgg7 47. Ne1
Rh4 48. Nf3 Rh5 49. Bxg5 Bxg5 50. Rxc7 Be7 51. R7c3 Bd8
52. Kf1 Qb5+ 53. Kg1 Be4 54. Rc8 Qd7 55. R2c3 Kh7 56. Ne1 b5
57. Rb8 Bc7 58. Rf8 Bb6 0-1

[Event "Canadian open"]
[Site "Toronto, Ontario"]
[Date "2011.07.17"]
[EventDate "?"]
[Round "9"]
[Result "0-1"]
[White "Michael Song"]
[Black "Alexandra Botez"]
[WhiteElo "2065"]
[BlackElo "1950"]
[PlyCount "100"]

1. Nf3 g6 2. g3 Bg7 3. Bg2 d6 4. O-O Nf6 5. d3 O-O 6. c4 c6
7. Nc3 Na6 8. h3 Rb8 9. Rb1 Nd7 10. Be3 c5 11. Qd2 Re8 12. a3
Nc7 13. b4 b6 14. Bh6 Bh8 15. Ng5 f6 16. Nf3 e5 17. Nh2 Bb7
18. Bxb7 Rxb7 19. b5 Nf8 20. e4 Nfe6 21. Be3 Nd4 22. Bxd4 cxd4
23. Ne2 Qd7 24. Kg2 f5 25. f3 Bf6 26. g4 f4 27. a4 Ne6 28. Ra1
Nc5 29. Rfb1 Ra8 30. Nc1 a6 31. Nb3 axb5 32. Nxc5 dxc5
33. Rxb5 Bd8 34. Nf1 Rba7 35. Qc2 Qe7 36. Rb2 Qh4 37. Rba2 h5
38. Qf2 hxg4 39. fxg4 f3+ 40. Qxf3 Rh7 41. Rf2 Be7 42. Raa2
Qh6 43. Qg3 Re8 44. Rf3 Bh4 45. Qh2 Qc1 46. Kg1 Ra7 47. Qg2
Rea8 48. Rb2 Rxa4 49. Rxb6 Ra2 50. Rb8+ Kg7 0-1

[Event "Chess Olympiad (Women)"]
[Site "Tromso NOR"]
[Date "2016.09.11"]
[EventDate "2016.09.02"]
[Round "9.22"]
[Result "1-0"]
[White "Olga Badelka"]
[Black "Alexandra Botez"]
[WhiteElo "2222"]
[BlackElo "2092"]
[PlyCount "129"]

1. d4 Nf6 2. c4 e6 3. Nc3 Bb4 4. e3 O-O 5. Ne2 d5 6. cxd5 exd5
7. g3 c6 8. Bg2 Re8 9. O-O a5 10. Qc2 Na6 11. f3 c5 12. a3
cxd4 13. exd4 Bf8 14. Bg5 Nc7 15. Rad1 Bd7 16. Nf4 Bc6 17. Nd3
Nb5 18. Nxb5 Bxb5 19. Bh3 Qb6 20. Qf2 g6 21. Bf4 Nh5 22. Be3
Bg7 23. Kh1 Rxe3 24. Qxe3 Re8 25. Qd2 Bxd4 26. Rfe1 Be3
27. Qc2 Qd6 28. b4 Bc6 29. Nc5 axb4 30. Ne4 Qf8 31. Rxe3 dxe4
32. fxe4 Nxg3+ 33. hxg3 Qh6 34. Rde1 Qxh3+ 35. Kg1 bxa3
36. Rxa3 Qe6 37. Rae3 Ra8 38. Qb3 Qd7 39. Rd3 Qe7 40. Rde3 Ra5
41. Rf1 Re5 42. Rfe1 Kg7 43. Qc3 Kg8 44. Qb3 b5 45. Qc2 Qe6
46. Qd3 h5 47. Qd8+ Kg7 48. Qd4 Kh7 49. Kh2 Qe7 50. R1e2 Rc5
51. Rf2 Rc4 52. Qb2 Be8 53. Qe2 Qe6 54. Qd3 b4 55. Qb3 Qc6
56. Ref3 Qxe4 57. Rf4 Rc3 58. Rxe4 Rxb3 59. Rxe8 Rd3 60. Rxf7+
Kh6 61. Rb7 b3 62. Kh3 Kg5 63. Reb8 Rd1 64. Rxb3 Rd5 65. R8b5
1-0